Dig, farmer, dig! / (Record no. 49318)
| 000 -LEADER | |
|---|---|
| fixed length control field | 00345nam a2200121 4500 |
| 020 ## - INTERNATIONAL STANDARD BOOK NUMBER | |
| International Standard Book Number | 9780723275442 |
| 100 ## - MAIN ENTRY--PERSONAL NAME | |
| Personal name | Hughes, Monica |
| 9 (RLIN) | 86548 |
| 245 ## - TITLE STATEMENT | |
| Title | Dig, farmer, dig! / |
| Statement of responsibility, etc | Monica Hughes & Chris Jevons |
| 260 ## - PUBLICATION, DISTRIBUTION, ETC. (IMPRINT) | |
| Place of publication, distribution, etc | UK |
| Name of publisher, distributor, etc | Ladybird Books |
| Date of publication, distribution, etc | 2014 |
| 300 ## - PHYSICAL DESCRIPTION | |
| Extent | 31 p. |
| Other physical details | col. ill. |
| Dimensions | 23 cm. |
| 490 ## - SERIES STATEMENT | |
| Series statement | Ladybird I'm ready for phonics! |
| 942 ## - ADDED ENTRY ELEMENTS (KOHA) | |
| Source of classification or shelving scheme | |
| Koha item type | Book |
| Withdrawn status | Lost status | Source of classification or shelving scheme | Damaged status | Not for loan | Home library | Current library | Shelving location | Date acquired | Total Checkouts | Full call number | Barcode | Checked out | Date last seen | Date checked out | Price effective from | Koha item type |
|---|---|---|---|---|---|---|---|---|---|---|---|---|---|---|---|---|
| Asian Hope Early Years Library | Asian Hope Early Years Library | Easy Reading | 08/15/2025 | 4 | X HUG | 207555 | 03/31/2026 | 03/31/2026 | 03/31/2026 | 08/15/2025 | Book |